LEADER 00787nam a22002291i 4500 001 991003716589707536 005 20030917163127.0 008 031111s1973 fr |||||||||||||||||fre 035 $ab12464806-39ule_inst 035 $aARCHE-049809$9ExL 040 $aDip.to Lingue$bita$cA.t.i. Arché s.c.r.l. Pandora Sicilia s.r.l. 082 04$a843.91 100 1 $aOllier, Claude$0196484 245 10$aEnigma /$cClaude Ollier 260 $aParis :$bGallimard,$c1973 300 $a211 p. ;$c20 cm 907 $a.b12464806$b02-04-14$c13-11-03 912 $a991003716589707536 945 $aLE012 848.914 OLL 12$g1$i2012000153943$lle012$o-$pE0.00$q-$rl$s- $t0$u0$v0$w0$x0$y.i12895179$z13-11-03 996 $aEnigma$9181474 997 $aUNISALENTO 998 $ale012$b13-11-03$cm$da $e-$ffre$gfr $h0$i1 LEADER 01715oam 2200493M 450 001 9910716176803321 005 20200213070908.5 035 $a(CKB)5470000002518345 035 $a(OCoLC)1065598765 035 $a(OCoLC)995470000002518345 035 $a(EXLCZ)995470000002518345 100 $a20071213d1926 ua 0 101 0 $aeng 135 $aurcn||||||||| 181 $ctxt$2rdacontent 182 $cc$2rdamedia 183 $acr$2rdacarrier 200 10$aHeirs of Louis F. Meissner. January 30, 1926. -- Committed to the Committee of the Whole House and ordered to be printed 210 1$a[Washington, D.C.] :$c[U.S. Government Printing Office],$d1926. 215 $a1 online resource (16 pages) 225 1 $aHouse report / 69th Congress, 1st session. House ;$vno. 168 225 1 $a[United States congressional serial set ] ;$v[serial no. 8535] 300 $aBatch processed record: Metadata reviewed, not verified. Some fields updated by batch processes. 300 $aFDLP item number not assigned. 606 $aClaims 606 $aGovernment securities 606 $aLost articles 606 $aTheft 608 $aLegislative materials.$2lcgft 615 0$aClaims. 615 0$aGovernment securities. 615 0$aLost articles. 615 0$aTheft. 701 $aAppleby$b Stewart Hoffman$f1890-1964$pRepublican (NJ)$01386847 801 0$bWYU 801 1$bWYU 801 2$bOCLCO 801 2$bOCLCQ 801 2$bOCLCO 801 2$bOCLCQ 906 $aBOOK 912 $a9910716176803321 996 $aHeirs of Louis F. Meissner. January 30, 1926. -- Committed to the Committee of the Whole House and ordered to be printed$93439162 997 $aUNINA